000 00610nam a2200241 a 4500
001 nice12345678
003 IN_TiNIC
005 20260116012139.0
008 050524s1976 teha grp 000 0 eng
020 _a
_c100
082 0 0 _a297.63
_bALP
100 _aAil, Tulip
245 _aGlimpses of the Prophets Life
260 _aTehran
_bWorld Organisation for Islamic Studies
_c1976
300 _a51
500 _aincludes index and biblioraphy
505 2 _aAppendex, Bibliography, Index
650 _aMuhammad, Prophet
700 1 _aAil, Tulip
902 _bSRS
942 _cBK
999 _c5825
_d5825